000 01080 a2200241 4500
001 47216
005 20260407155740.0
008 260407a2012 arg spa d
003 AR-UNSa-BCEJYS
040 _aAR-UNSa-BCEJYS
_bspa
_cAR-UNSa-BCEJYS
080 _a330.52
_xRiqueza nacional. Propiedad nacional (PBG)
245 1 0 _aProducto bruto geográfico
_pProvincia de Salta 2012
020 _a978-987-45650-1-3
264 1 _aSalta :
_bDirección General de Estadística
_c2012
300 _a68 p.
_c23 cm.
505 _a1. Aspectos metodológicos - 2. Producto Bruto Geográfico de Salta 1993-2012 - 3. Sectores económicos en el Producto Bruto Geográfico 1993-2012 - 4. Análisis por Rama de actividad - 5. Producto Bruto Geográfico y Producto Bruto Interno.
942 _cBK
590 _aniveau_biblio:m niveau_hierar:0
100 1 _aSalta. Dirección General de Estadísticas
650 _aPRODUCTO BRUTO GEOGRÁFICO
856 4 1 _uhttps://www.biblioeco.unsa.edu.ar/pmb/images/libros/L127436.jpg
_yImagen de portada
_qimage/jpeg
650 _a producto bruto geografico
999 _c4321
_d4321